The atmosphere: an introduction to meteorology. -- 10th ed. (Record no. 35234)

MARC details
000 -LEADER
fixed length control field 00944nam a2200229 a 4500
008 - FIXED-LENGTH DATA ELEMENTS--GENERAL INFORMATION
fixed length control field 090115s2007 ||||||||||||||||| || u
020 ## - INTERNATIONAL STANDARD BOOK NUMBER
International Standard Book Number 0131874624
050 ## - LIBRARY OF CONGRESS CALL NUMBER
Classification number QC 861.3 Lut
100 ## - MAIN ENTRY--PERSONAL NAME
Personal name Lutgens, Frederick K
245 14 - TITLE STATEMENT
Title The atmosphere: an introduction to meteorology. -- 10th ed.
Statement of responsibility, etc. Frederick K. Lutgens and Edward J. Tarbuck; illustrated by Dennis Tasa
250 ## - EDITION STATEMENT
Edition statement 10th ed.
260 ## - PUBLICATION, DISTRIBUTION, ETC.
Place of publication, distribution, etc. Upper Saddle River, N.J.
Name of publisher, distributor, etc. Pearson-Prentice Hall
Date of publication, distribution, etc. 2007
300 ## - PHYSICAL DESCRIPTION
Extent xxiii, 520p.: ill. + CD-ROM
350 ## - PRICE (NR) (BK AM CF MU VM SE) [OBSOLETE]
Price 0.00
500 ## - GENERAL NOTE
General note Accompanied by 1 CD ROM available in the Reference Librarian's Office
650 ## - SUBJECT ADDED ENTRY--TOPICAL TERM
Topical term or geographic name entry element METEOROLOGY--TEXTBEEKS
650 ## - SUBJECT ADDED ENTRY--TOPICAL TERM
Topical term or geographic name entry element WEATHER--TEXTBOOKS
650 ## - SUBJECT ADDED ENTRY--TOPICAL TERM
Topical term or geographic name entry element ATMOSPHERE--TEXTBOOKS
650 ## - SUBJECT ADDED ENTRY--TOPICAL TERM
Topical term or geographic name entry element ATMOSPHERE
700 ## - ADDED ENTRY--PERSONAL NAME
Personal name Tarbuck, Edward J
995 ## - RECOMMENDATION 995 [LOCAL, UNIMARC FRANCE]
-- 0.00
-- CBU-MAIN LIBRARY (Kitwe)
-- 1
-- 0.00
-- 1
-- AVAILABLE
-- Apr 1, 2009
-- Main Library Open Access Collection
Holdings
Withdrawn status Lost status Source of classification or shelving scheme Damaged status Not for loan Home library Current library Shelving location Date acquired Total Checkouts Full call number Barcode Date last seen Price effective from Koha item type
          CBU-MAIN LIBRARY, KITWE. CBU-MAIN LIBRARY, KITWE.   11/30/2022   QC 861.3 Lut 739367 11/30/2022 11/30/2022 MONOGRAPH